| 000 | 00360 a2200157 4500 | ||
|---|---|---|---|
| 001 | 150215 | ||
| 040 | _cEscola São Tomás de Aquino | ||
| 100 | _aJAKUBOVIC, José | ||
| 240 | 1 | 0 |
_aFrações e números decimais _lpor |
| 245 | 1 | 0 | _aFrações e números decimais |
| 300 | _a48 | ||
| 362 | 0 | _a1998 | |
| 440 | 1 | _aAtual | |
| 697 | _aMATEMÁTICA | ||
| 942 | _cBK | ||
| 999 |
_c150215 _d150215 |
||